01326nam a22003977a 450000500170000000800410001702000150005804100080007308200230008110000200010424500470012426000140017126000170018526000090020230000190021150001510023050501510038165000170053265000180054965000180056765000190058565000170060465000360062165000290065765000170068665000160070365000150071965000170073465000210075165000240077294200130079699900170080995200340082695200340086095200340089420250219163752.0220401b1994 xxu||||| |||| 00| 0 spa d a9701005554 aESP aR 621.381.03 G466e aGibilisco, Stan aElectrónica: diccionario enciclopédico aMéxico  bMcGraw- Hill c1994 a1067 páginas aTomo 1: abarca de la letra A-D páginas 1-373 Tomo 2: abarca de la letra E- O páginas 374-728 Tomo 3: abarca de la letra P-Z páginas 729-1067 aTomo 1: abarca de la letra A-D páginas 1-373 Tomo 2: abarca de la letra E- O páginas 374-728 Tomo 3: abarca de la letra P-Z páginas 729-1067 aDICCIONARIOS aELECTRÓNICA aLEY DE AMPERE aLEY DE COULOMB aLEY DE CHILD aLEY DE ILUMINACIÓN DE LAMBERT aLEY INVERSA DEL CUADRADO aLEY DE JOULE aLEY DE LENZ aLEY DE OHM aLEY DE SNELL aLEY DE KIRCHHOFF aLEYES ELECTRÓNICA cREF2ddc c13322d13322 oR 621.381.03 G466ep2597yREF oR 621.381.03 G466ep2598yREF oR 621.381.03 G466ep2599yREF